000
00268nam a2200109Ia 4500
008
190216s9999||||xx |||||||||||||| ||und||
100
_a
Narayanan
245
0
_a
How To Develop Your Personality&Potentilities
260
_b
S Chand & Co
650
_a
English
942
_c
BK
999
_c
13223
_d
13223